<?xml version="1.0" encoding="UTF-8"?>
<record
    xmlns:xsi="http://www.w3.org/2001/XMLSchema-instance"
    xsi:schemaLocation="http://www.loc.gov/MARC21/slim http://www.loc.gov/standards/marcxml/schema/MARC21slim.xsd"
    xmlns="http://www.loc.gov/MARC21/slim">

  <leader>00205nam a22000857a 4500</leader>
  <controlfield tag="001">1243418</controlfield>
  <controlfield tag="005">20251110125859.0</controlfield>
  <datafield tag="245" ind1=" " ind2=" ">
    <subfield code="a">&#xC7;&#x130;KOLATA &#xDC;LKES&#x130; </subfield>
    <subfield code="c">HUR&#x130;HAN YILDIRIM KURTARAN</subfield>
  </datafield>
  <datafield tag="260" ind1=" " ind2=" ">
    <subfield code="b">ALTIN K&#x130;TAPLAR</subfield>
  </datafield>
  <datafield tag="999" ind1=" " ind2=" ">
    <subfield code="c">1243418</subfield>
    <subfield code="d">1243418</subfield>
  </datafield>
  <datafield tag="952" ind1=" " ind2=" ">
    <subfield code="0">0</subfield>
    <subfield code="1">0</subfield>
    <subfield code="2">ddc</subfield>
    <subfield code="4">0</subfield>
    <subfield code="7">0</subfield>
    <subfield code="a">1021</subfield>
    <subfield code="b">1021</subfield>
    <subfield code="d">2025-10-16</subfield>
    <subfield code="l">3</subfield>
    <subfield code="p">10214949</subfield>
    <subfield code="q">2026-05-12</subfield>
    <subfield code="r">2026-04-27 09:47:56</subfield>
    <subfield code="s">2026-04-27</subfield>
    <subfield code="w">2025-10-16</subfield>
    <subfield code="y">BK</subfield>
  </datafield>
</record>
